US States That Contain The Letter H - Statistics

General Stats
  • This quiz has been taken 76 times
  • The average score is 13 of 14
Answer Stats
Answer % Correct
North Dakota
98%
South Dakota
98%
Hawaii
97%
New Hampshire
97%
North Carolina
97%
South Carolina
97%
Michigan
93%
Ohio
93%
Utah
93%
Washington
93%
Idaho
90%
Oklahoma
90%
Rhode Island
88%
Massachusetts
83%
No matching quizzes found
Score Distribution
Percent of People with Each Score
Percentile by Number Answered
Your Score History
You have not taken this quiz